[Event "Top20"]
[Site "?"]
[Date "2001.03.24"]
[Round "6"]
[White "Bellon, Yves"]
[Black "Clement, Paul"]
[Result "0-1"]
[WhiteElo "1930"]
[BlackElo "1930"]
[PlyCount "102"]
[EventDate "1996.??.??"]

1. c4 Nf6 2. Nc3 g6 3. e4 d6 4. d3 Bg7 5. h3 e5 6. Be3 c6 7. f4 Nh5 8. fxe5 Ng3
9. Rh2 Nxf1 10. Kxf1 Bxe5 11. Rh1 O-O 12. Nf3 Bg7 13. Qd2 Nd7 14. Ke2 Ne5 15.
Raf1 Be6 16. Bh6 Nxf3 17. Rxf3 f5 18. Rhf1 Qe7 19. Bxg7 Kxg7 20. Kd1 fxe4 21.
Nxe4 Bf5 22. Ng5 h6 23. Re1 Qxg5 24. Qxg5 hxg5 25. Re7+ Kh6 26. Rfe3 g4 27. h4
Rab8 28. Kd2 g5 29. hxg5+ Kxg5 30. g3 Kf6 31. Re2 Rf7 32. R7e3 Rh8 33. d4 Rhh7
34. Rf2 Re7 35. Ra3 a6 36. b4 Kg6 37. Ra5 Bd7 38. d5 Rh1 39. dxc6 Bxc6 40. Raf5
Bf3 41. Rf4 Rd1+ 42. Kc2 Ree1 43. Kb3 Rb1+ 44. Ka4 b6 45. R2xf3 gxf3 46. Rxf3
Re4 47. Rd3 Re6 48. Rd5 Rg1 49. c5 dxc5 50. bxc5 bxc5 51. Rxc5 Rxg3 0-1

[Event "Top20"]
[Site "?"]
[Date "2001.03.24"]
[Round "6"]
[White "Bruel, Bruno"]
[Black "Ollier, Michel"]
[Result "1-0"]
[WhiteElo "1790"]
[BlackElo "1830"]
[PlyCount "83"]
[EventDate "1996.??.??"]

1. d4 Nf6 2. c4 g6 3. Nc3 Bg7 4. e4 d6 5. Nf3 O-O 6. Be2 e5 7. O-O Nc6 8. d5
Ne7 9. Be3 Ne8 10. Nd2 f5 11. f3 f4 12. Bf2 g5 13. b4 Ng6 14. c5 Rf7 15. cxd6
cxd6 16. Nb5 a6 17. Na7 Bf8 18. b5 axb5 19. Nxb5 Nf6 20. Nc4 h5 21. Bb6 Qd7 22.
Nc7 Ra4 23. Nd2 Rb4 24. Ba5 Rd4 25. Qc2 Rxd2 26. Qxd2 g4 27. Ne6 Qe7 28. Bd8
Qe8 29. Bxf6 Rxf6 30. fxg4 Bxe6 31. dxe6 hxg4 32. Bxg4 Be7 33. Rfc1 Nh4 34. Qe2
Qf8 35. Rc3 Bd8 36. Rac1 Bb6+ 37. Kh1 Qg7 38. Rc8+ Kh7 39. R1c3 Rh6 40. Bf5+
Nxf5 41. exf5 d5 42. Qc2 1-0

[Event "Top20"]
[Site "?"]
[Date "2001.04.21"]
[Round "7"]
[White "Graillon, David"]
[Black "Cizeron, Frederic"]
[Result "1/2-1/2"]
[WhiteElo "1860"]
[BlackElo "2080"]
[PlyCount "128"]
[EventDate "1996.??.??"]

1. d4 d5 2. c4 c6 3. e3 Nf6 4. Nc3 e6 5. Nf3 Nbd7 6. Bd3 dxc4 7. Bxc4 b5 8. Bd3
Bb7 9. O-O Be7 10. Re1 O-O 11. e4 a6 12. e5 Nd5 13. Nxd5 cxd5 14. Bd2 h6 15.
Rc1 Qb6 16. Bb1 Rfc8 17. Qb3 a5 18. Bd3 Ba6 19. a4 bxa4 20. Rxc8+ Bxc8 21. Qxa4
Bb4 22. Bc3 Nf8 23. Ra1 Bd7 24. Qb3 Rb8 25. Qc2 Bb5 26. Qd2 Bxd3 27. Qxd3 Nd7
28. h3 Qb5 29. Qc2 Nb6 30. Bxb4 Qxb4 31. b3 Nc8 32. Qc7 Qb6 33. Qxb6 Rxb6 34.
Rxa5 Rxb3 35. Ra8 Rc3 36. Rb8 Rc1+ 37. Kh2 Kf8 38. Nd2 Rc7 39. Nb3 Ke7 40. Nc5
Na7 41. Na6 Nc6 42. Nxc7 Nxb8 43. Nb5 Kd7 44. Kg3 Kc6 45. Nd6 Kb6 46. Kf3 f6
47. exf6 gxf6 48. Ne8 Nd7 49. Ke3 e5 50. f4 e4 51. g4 Kc6 52. h4 f5 53. g5 hxg5
54. hxg5 Nf8 55. Ng7 Kd6 56. Nxf5+ Ke6 57. Ng3 Kf7 58. f5 Nd7 59. Nh5 Nb6 60.
g6+ Kf8 61. Kf4 Nc4 62. Nf6 e3 63. Kf3 e2 64. Kxe2 Nd6 1/2-1/2

[Event "Top20"]
[Site "?"]
[Date "2001.04.21"]
[Round "7"]
[White "Boblin, Laurent"]
[Black "Deville, Olivier"]
[Result "0-1"]
[WhiteElo "1950"]
[BlackElo "2034"]
[PlyCount "94"]
[EventDate "1996.??.??"]

1. e4 c5 2. d3 Nc6 3. g3 g6 4. Bg2 Bg7 5. f4 e6 6. c3 Nge7 7. Nf3 O-O 8. Be3 d6
9. O-O b6 10. Bf2 Ba6 11. Re1 Qd7 12. Qc2 Rac8 13. Nbd2 b5 14. Nb3 b4 15. d4
bxc3 16. bxc3 cxd4 17. Nbxd4 Nb4 18. Qd2 Nd3 19. Re3 Nxf2 20. Kxf2 Rb8 21. Nb3
Rb6 22. Nc5 Qc8 23. Nxa6 Qxa6 24. Rc1 Rfb8 25. Nd4 Rb2 26. Rc2 Qxa2 27. Re2
Rxc2 28. Qxc2 Qc4 29. Rd2 Rc8 30. Qd3 Qc5 31. Kf1 d5 32. exd5 Nxd5 33. Ne2 Ne3+
34. Kg1 Nc4+ 35. Kf1 Nxd2+ 36. Qxd2 Bxc3 37. Qd7 Qc7 38. Qa4 Bg7 39. Qa6 Rd8
40. Bf3 Bd4 41. Kg2 Bb6 42. Qa2 Qc5 43. Kh3 Qe3 44. Bc6 Rd2 45. Qa6 Qxe2 46.
Qb7 Qxh2+ 47. Kg4 Qh5# 0-1

[Event "Top20"]
[Site "?"]
[Date "2001.04.21"]
[Round "7"]
[White "Cursoux, Gerard"]
[Black "Dzaferi, Asip"]
[Result "1-0"]
[WhiteElo "2010"]
[BlackElo "1990"]
[PlyCount "55"]
[EventDate "1996.??.??"]

1. c4 e6 2. e4 g6 3. Nc3 Bg7 4. g3 Ne7 5. Bg2 Nbc6 6. Nge2 O-O 7. d4 d6 8. f4
d5 9. cxd5 exd5 10. e5 Be6 11. O-O Nf5 12. a3 Na5 13. b3 Rc8 14. b4 Nc4 15. Qd3
b6 16. g4 Nh4 17. f5 gxf5 18. gxf5 Nxg2 19. Kxg2 f6 20. fxe6 fxe5 21. Rxf8+
Bxf8 22. Qf5 Kh8 23. dxe5 d4 24. Bg5 dxc3 25. Bf6+ Bg7 26. Bxg7+ Kxg7 27. Kh3
Kh8 28. e7 1-0

[Event "Top20"]
[Site "?"]
[Date "2001.04.21"]
[Round "7"]
[White "Clement, Paul"]
[Black "Dzaferi, Afit"]
[Result "1/2-1/2"]
[WhiteElo "1930"]
[BlackElo "1780"]
[PlyCount "44"]
[EventDate "1996.??.??"]

1. Nf3 d5 2. g3 c5 3. Bg2 Nc6 4. O-O Nf6 5. d3 g6 6. Nbd2 Bf5 7. Nh4 Bg4 8. h3
Bd7 9. e4 e6 10. Re1 Be7 11. c3 dxe4 12. dxe4 Ne5 13. Ndf3 Nc6 14. Nh2 Nh5 15.
N4f3 Qb6 16. g4 Nf6 17. e5 Nd5 18. c4 Ndb4 19. a3 Na6 20. Ng5 h6 21. Ngf3 Na5
22. Nd2 Nc6 1/2-1/2

[Event "Top20"]
[Site "?"]
[Date "2001.04.21"]
[Round "7"]
[White "Massard, Christian"]
[Black "Garon, Pierre"]
[Result "1-0"]
[WhiteElo "1880"]
[BlackElo "1890"]
[PlyCount "53"]
[EventDate "1996.??.??"]

1. c4 e6 2. e4 d5 3. e5 dxc4 4. Qa4+ Nc6 5. Nf3 Bd7 6. Qxc4 Nge7 7. Be2 Ng6 8.
d4 Be7 9. O-O O-O 10. Nc3 Rc8 11. Ne4 Nb4 12. g3 Bc6 13. Neg5 h6 14. a3 Nd5 15.
Ne4 Nb6 16. Qc2 Qd7 17. Nc5 Qd5 18. b4 Nh8 19. a4 Qd8 20. Rd1 Ng6 21. Nxe6 fxe6
22. Qxg6 Bxf3 23. Bxh6 Rf7 24. Bxf3 Kf8 25. Bh5 Qe8 26. Qh7 Bxb4 27. Bg5 1-0

[Event "Top20"]
[Site "?"]
[Date "2001.04.21"]
[Round "7"]
[White "Petit, Didier"]
[Black "Rea, Laurent"]
[Result "0-1"]
[WhiteElo "1870"]
[BlackElo "1790"]
[PlyCount "48"]
[EventDate "1996.??.??"]

1. e4 c5 2. Nf3 e6 3. d4 cxd4 4. Nxd4 a6 5. Nc3 Qc7 6. Bd3 b5 7. O-O Bb7 8. Re1
Nc6 9. Nxc6 Bxc6 10. Nd5 Qb7 11. Bf4 Bxd5 12. exd5 Qxd5 13. Re5 Qc6 14. Be4 Qc4
15. Bxa8 Qxf4 16. Re2 Nf6 17. Bb7 Bc5 18. h3 g5 19. Qd3 g4 20. g3 Qc7 21. Qc3
Qxb7 22. Qxf6 gxh3 23. Qxh8+ Ke7 24. Kf1 Qh1# 0-1

[Event "Top20"]
[Site "?"]
[Date "2001.04.21"]
[Round "7"]
[White "Verdelli, Maximilien"]
[Black "Bellon, Yves"]
[Result "1-0"]
[WhiteElo "1900"]
[BlackElo "1930"]
[PlyCount "43"]
[EventDate "1996.??.??"]

1. d4 Nf6 2. c4 e6 3. Nc3 c5 4. d5 exd5 5. cxd5 d6 6. e4 g6 7. f4 Bg7 8. Bb5+
Bd7 9. e5 dxe5 10. fxe5 Nh5 11. Nf3 O-O 12. O-O Bg4 13. Re1 a6 14. Bf1 Re8 15.
Qb3 b5 16. Nxb5 axb5 17. Bxb5 Nd7 18. e6 fxe6 19. dxe6 Bxf3 20. e7+ Kh8 21.
exd8=Q Bd4+ 22. Be3 1-0

[Event "Top20"]
[Site "?"]
[Date "2001.04.21"]
[Round "7"]
[White "Roche, Marius"]
[Black "Borie, Christian"]
[Result "0-1"]
[WhiteElo "1690"]
[BlackElo "1740"]
[PlyCount "106"]
[EventDate "1996.??.??"]

1. d4 g6 2. Nf3 Bg7 3. Bf4 Nf6 4. e3 Nh5 5. Bg5 h6 6. Bh4 c5 7. Be2 Qb6 8. b3
cxd4 9. exd4 Nf4 10. O-O Bxd4 11. c3 Nxe2+ 12. Qxe2 Bf6 13. Bg3 d6 14. Nbd2 Be6
15. Rfe1 Bxc3 16. Rac1 Bg7 17. Nc4 Qa6 18. Qd2 O-O 19. Nd4 Bxc4 20. Rxc4 e5 21.
Ne2 Rd8 22. Nc3 Nc6 23. Nd5 Rac8 24. Rec1 Kh7 25. f4 b5 26. Re4 f5 27. Ree1 e4
28. Bh4 Rf8 29. Ne7 Nxe7 30. Bxe7 Rfe8 31. Qxd6 Qxd6 32. Bxd6 a6 33. Be5 Bxe5
34. fxe5 Kg7 35. Rxc8 Rxc8 36. Rd1 Kf7 37. a3 Rc6 38. g4 Ke6 39. gxf5+ gxf5 40.
a4 bxa4 41. bxa4 Kxe5 42. Rb1 Kd6 43. Kf2 Kc5 44. Ke3 Rb6 45. Rd1 Rb3+ 46. Kf4
Rf3+ 47. Ke5 e3 48. Re1 h5 49. Rc1+ Kb4 50. Kd4 f4 51. Kd3 Rf2 52. Rc4+ Kb3 53.
Re4 Rd2# 0-1

[Event "Top20"]
[Site "?"]
[Date "2001.04.21"]
[Round "7"]
[White "Valentin, Alain"]
[Black "Bruel, Bruno"]
[Result "1/2-1/2"]
[WhiteElo "1790"]
[BlackElo "1790"]
[PlyCount "100"]
[EventDate "1996.??.??"]

1. d4 Nf6 2. Nf3 g6 3. Nc3 d5 4. Bf4 a6 5. e3 Bg7 6. Be2 O-O 7. Ne5 e6 8. h4
Ne4 9. Bd3 Nxc3 10. bxc3 c5 11. Qg4 c4 12. Be2 f6 13. Nxg6 e5 14. Qg3 hxg6 15.
Bh6 Bxh6 16. Qxg6+ Bg7 17. h5 Qe8 18. Qg3 Kh7 19. h6 Bxh6 20. Bh5 Rg8 21. Bxe8
Rxg3 22. fxg3 Kg7 23. Ke2 Nc6 24. Bxc6 bxc6 25. Rab1 Bf5 26. Kd2 Be4 27. Rb6
Bxg2 28. Rhb1 Bg5 29. Rxc6 Rh8 30. Rb7+ Kg6 31. dxe5 d4 32. Rxf6+ Bxf6 33. Rb6
dxe3+ 34. Kxe3 Kf5 35. exf6 Rf8 36. Rxa6 Rxf6 37. Rxf6+ Kxf6 38. Kd4 Bf1 39. a4
Kf5 40. a5 Kg4 41. a6 Kxg3 42. a7 Bg2 43. Kxc4 Kf4 44. Kc5 Ke5 45. Kb6 Kd6 46.
c4 Kd7 47. Kc5 Bh1 48. Kd4 Bg2 49. Kc5 Bh1 50. Kb6 Bg2 1/2-1/2

[Event "Top20"]
[Site "?"]
[Date "2001.05.12"]
[Round "8"]
[White "Cizeron, Frederic"]
[Black "Verdelli, Maximilien"]
[Result "1-0"]
[WhiteElo "2080"]
[BlackElo "1900"]
[PlyCount "71"]
[EventDate "1996.??.??"]

1. d4 Nf6 2. c4 g6 3. Nc3 Bg7 4. e4 d6 5. f3 O-O 6. Be3 e5 7. d5 c6 8. Qd2 cxd5
9. cxd5 a6 10. Bd3 Nbd7 11. Nge2 Qa5 12. a3 Nh5 13. g4 Nf4 14. Nxf4 exf4 15.
Bxf4 Ne5 16. Be2 Bd7 17. Bh6 Rac8 18. Bxg7 Kxg7 19. h4 Rh8 20. h5 Qd8 21. Qd4
f6 22. O-O-O Qa5 23. Rhg1 Kf7 24. f4 b5 25. fxe5 dxe5 26. Qb4 Qb6 27. Kb1 Qe3
28. Qd6 Rhd8 29. Rgf1 Qg5 30. hxg6+ Kxg6 31. Rh1 Bxg4 32. Qxa6 h5 33. Bxg4 hxg4
34. Rhg1 Qf4 35. Rdf1 Qg5 36. Rxg4 1-0

[Event "Top20"]
[Site "?"]
[Date "2001.05.12"]
[Round "8"]
[White "Deville, Olivier"]
[Black "Cursoux, Gerard"]
[Result "1/2-1/2"]
[WhiteElo "2034"]
[BlackElo "2010"]
[PlyCount "55"]
[EventDate "1996.??.??"]

1. Nf3 b6 2. d4 Ba6 3. g3 Nf6 4. Bg2 d5 5. O-O Nbd7 6. Re1 e6 7. c3 Bb7 8. Ne5
Bd6 9. Qa4 O-O 10. Nxd7 Nxd7 11. e4 dxe4 12. Bxe4 Bxe4 13. Rxe4 Nf6 14. Re1 c5
15. Nd2 Qc7 16. Ne4 Nxe4 17. Rxe4 cxd4 18. Rxd4 Rfd8 19. Bg5 f6 20. Be3 Be5 21.
Rxd8+ Rxd8 22. Rd1 Rxd1+ 23. Qxd1 f5 24. Qa4 Kf7 25. Qh4 Kg8 26. Qa4 Kf7 27.
Qh4 Kg8 28. Qa4 1/2-1/2

[Event "Top20"]
[Site "?"]
[Date "2001.05.12"]
[Round "8"]
[White "Dzaferi, Asip"]
[Black "Massard, Christian"]
[Result "1-0"]
[WhiteElo "1990"]
[BlackElo "1880"]
[PlyCount "75"]
[EventDate "1996.??.??"]

1. e4 d5 2. exd5 Qxd5 3. d4 Nc6 4. Nf3 Bg4 5. Be2 e6 6. O-O Bd6 7. h3 Bh5 8. c4
Qf5 9. d5 Bxf3 10. Bxf3 Ne5 11. Qa4+ Ke7 12. Nd2 Qf4 13. Qb3 Nxc4 14. Rd1 Qh2+
15. Kf1 Nxd2+ 16. Bxd2 Nf6 17. dxe6 fxe6 18. Bb4 Rhd8 19. g3 Qxh3+ 20. Bg2 Qf5
21. Bxd6+ cxd6 22. Qxb7+ Kf8 23. Rxd6 a5 24. Qb6 Rdb8 25. Qe3 Ng4 26. Qd2 Nh2+
27. Kg1 Nf3+ 28. Bxf3 Qxf3 29. Rxe6 Rd8 30. Qg5 Rd5 31. Re5 Rxe5 32. Qxe5 Re8
33. Qxa5 Re2 34. Qb6 h5 35. Rc1 Kg8 36. a4 h4 37. Qd8+ Qf8 38. Qd5+ 1-0

[Event "Top20"]
[Site "?"]
[Date "2001.05.06"]
[Round "8"]
[White "Dzaferi, Afit"]
[Black "Graillon, David"]
[Result "1-0"]
[WhiteElo "1780"]
[BlackElo "1860"]
[PlyCount "35"]
[EventDate "1996.??.??"]

1. e4 c5 2. Bc4 e6 3. Nc3 a6 4. a4 Nc6 5. Nf3 Qc7 6. d4 cxd4 7. Nxd4 Nxd4 8.
Qxd4 Bc5 9. Qxg7 Nf6 10. Qxh8+ Ke7 11. Bg5 Bxf2+ 12. Kxf2 Qc5+ 13. Be3 Ng4+ 14.
Kf3 Nxe3 15. Bd3 b6 16. Qxh7 Bb7 17. Qh4+ Kf8 18. Qh6+ 1-0

[Event "Top20"]
[Site "?"]
[Date "2001.05.12"]
[Round "8"]
[White "Garon, Pierre"]
[Black "Clement, Paul"]
[Result "1-0"]
[WhiteElo "1890"]
[BlackElo "1930"]
[PlyCount "96"]
[EventDate "1996.??.??"]

1. c4 Nf6 2. Nc3 g6 3. d4 Bg7 4. e4 d6 5. Nf3 O-O 6. Be2 e5 7. O-O Nc6 8. d5
Nb8 9. Ne1 Nbd7 10. Be3 Qe7 11. f3 Ne8 12. Nd3 f5 13. b4 f4 14. Bf2 b6 15. c5
g5 16. cxd6 cxd6 17. Rc1 h5 18. Nb5 Ndf6 19. a4 g4 20. a5 a6 21. Nc3 b5 22. Qb3
Bh6 23. Rc2 Qg7 24. Rfc1 g3 25. Bb6 gxh2+ 26. Kxh2 Bd7 27. Nd1 Bg5 28. Kg1 Bh4
29. Kf1 Kf7 30. Ne1 Rg8 31. Nf2 Qg3 32. Qd3 Rb8 33. Bd1 Bh3 34. Rd2 Bxg2+ 35.
Nxg2 Qxg2+ 36. Ke1 Qg1+ 37. Qf1 Qh2 38. Ke2 Nd7 39. Kd3 Rg2 40. Rcc2 Nxb6 41.
axb6 Bd8 42. Ng4 Rxd2+ 43. Rxd2 Qh4 44. Nh6+ Kf8 45. Rg2 Ng7 46. Rxg7 Kxg7 47.
Nf5+ Kh7 48. Nxh4 Bxh4 1-0

[Event "Top20"]
[Site "?"]
[Date "2001.04.28"]
[Round "8"]
[White "Borie, Christian"]
[Black "Petit, Didier"]
[Result "1-0"]
[WhiteElo "1740"]
[BlackElo "1870"]
[PlyCount "69"]
[EventDate "1996.??.??"]

1. e4 e6 2. d4 d5 3. e5 c5 4. c3 Qb6 5. Nf3 Nc6 6. a3 Bd7 7. Be2 Nge7 8. dxc5
Qxc5 9. Be3 Qa5 10. O-O Ng6 11. Bd4 Qc7 12. Re1 Be7 13. Bd3 a6 14. Nbd2 Na5 15.
Qc2 b5 16. g3 Nc4 17. h4 O-O-O 18. a4 f6 19. axb5 Bxb5 20. exf6 gxf6 21. Rxe6
Rd6 22. Rae1 Rxe6 23. Rxe6 Nge5 24. Bf5 Kb7 25. b3 Na3 26. Qb2 Nc6 27. c4 Nxd4
28. Qxd4 dxc4 29. Be4+ Kc8 30. bxc4 Rd8 31. Bd5 Nc2 32. Qe4 f5 33. Qxc2 Rxd5
34. Rxe7 Rxd2 35. Rxc7+ 1-0

[Event "Top20"]
[Site "?"]
[Date "2001.05.12"]
[Round "8"]
[White "Bellon, Yves"]
[Black "Valentin, Alain"]
[Result "1-0"]
[WhiteElo "1930"]
[BlackElo "1790"]
[PlyCount "81"]
[EventDate "1996.??.??"]

1. c4 Nf6 2. Nc3 g6 3. e4 d6 4. d4 Bg7 5. f4 O-O 6. Nf3 Bg4 7. h3 Bxf3 8. Qxf3
c6 9. Bd3 Qc7 10. O-O e5 11. fxe5 dxe5 12. d5 Nbd7 13. Be3 Ne8 14. Rad1 a6 15.
g4 cxd5 16. cxd5 Nd6 17. Rc1 Qd8 18. Qf2 Rc8 19. Na4 Qa5 20. Nb6 Rxc1 21. Rxc1
Nxb6 22. Bxb6 Qxa2 23. Bc7 Rc8 24. Rc2 Ne8 25. d6 Qa4 26. b3 Qd7 27. Bc4 Nxc7
28. Qxf7+ Qxf7 29. Bxf7+ Kxf7 30. Rxc7+ Ke6 31. Rxc8 Kxd6 32. Kf1 a5 33. Ke2 b6
34. Kd3 Bf6 35. Kc4 Bg5 36. Rh8 h6 37. Rg8 Ke6 38. Rxg6+ Kf7 39. Rxb6 Bf6 40.
Ra6 Bd8 41. Rxh6 1-0

[Event "Top20"]
[Site "?"]
[Date "2001.05.05"]
[Round "8"]
[White "Ollier, Michel"]
[Black "Roche, Marius"]
[Result "1-0"]
[WhiteElo "1830"]
[BlackElo "1690"]
[PlyCount "91"]
[EventDate "1996.??.??"]

1. e4 g6 2. d4 Bg7 3. Nc3 d6 4. f4 c6 5. Nf3 Nf6 6. Bd3 O-O 7. e5 dxe5 8. fxe5
Nd5 9. O-O f5 10. Qe2 e6 11. Bg5 Qc7 12. Nxd5 cxd5 13. c4 Nc6 14. Rac1 Qb6 15.
Be3 Nb4 16. Bb1 Bd7 17. a3 Na6 18. Ba2 Nc7 19. Rfd1 Rac8 20. Qd2 Ba4 21. Re1
Bb3 22. Bxb3 Qxb3 23. Rc3 Qa4 24. Rec1 Qd7 25. b3 b5 26. c5 Qc6 27. b4 Ra8 28.
Bh6 a5 29. Bxg7 Kxg7 30. Ng5 Rh8 31. bxa5 Rxa5 32. Rh3 Ra4 33. Nf3 h6 34. Ne1
Rc4 35. Nc2 Qa6 36. Nb4 Rxc1+ 37. Qxc1 Qb7 38. Nd3 Qa8 39. c6 Qa7 40. Nc5 g5
41. Rg3 Kh7 42. Nd7 Qxd4+ 43. Kh1 f4 44. Rb3 Qc4 45. Qb1+ Qe4 46. Nf6+ 1-0

[Event "Top20"]
[Site "?"]
[Date "2001.06.16"]
[Round "9"]
[White "Rea, Laurent"]
[Black "Deville, Olivier"]
[Result "0-1"]
[WhiteElo "1860"]
[BlackElo "2034"]
[PlyCount "104"]
[EventDate "1996.??.??"]

1. d4 d5 2. c4 e6 3. Nc3 c6 4. Nf3 dxc4 5. a4 Bb4 6. Qc2 b5 7. axb5 cxb5 8. Qe4
Bxc3+ 9. bxc3 Qd5 10. Qg4 g6 11. e4 Nf6 12. exd5 Nxg4 13. dxe6 Bxe6 14. Ba3 Nd7
15. Be2 Ngf6 16. Nd2 Bd5 17. f3 Bc6 18. O-O Kd8 19. Nxc4 bxc4 20. Bxc4 Nd5 21.
Rfc1 Re8 22. Ba6 Re3 23. c4 Nc7 24. Bd6 Nxa6 25. Rxa6 Bb7 26. Ra5 Re6 27. c5
Nf6 28. Rca1 a6 29. Rb1 Kc8 30. Rb6 Nd5 31. Rb2 Re1+ 32. Kf2 Rd1 33. Rc2 Bc6
34. Rca2 Rxd4 35. Rxa6 Rxa6 36. Rxa6 Kb7 37. Ra1 Rd2+ 38. Kg3 Ne3 39. Rb1+ Kc8
40. Rb6 Kd7 41. Ra6 Nf5+ 42. Kf4 Nxd6 43. cxd6 Kxd6 44. Kg3 g5 45. h4 gxh4+ 46.
Kxh4 Rxg2 47. Kh5 Rg6 48. f4 Ke7 49. Ra7+ Kf6 50. Kh4 Bd5 51. Ra5 Be6 52. Kh5
Rg1 0-1

[Event "Top20"]
[Site "?"]
[Date "2001.06.16"]
[Round "9"]
[White "Boblin, Laurent"]
[Black "Dzaferi, Asip"]
[Result "0-1"]
[WhiteElo "1930"]
[BlackElo "1980"]
[PlyCount "84"]
[EventDate "1996.??.??"]

1. e4 e6 2. d4 d5 3. Nd2 c5 4. Ngf3 Nc6 5. exd5 exd5 6. dxc5 Bxc5 7. Nb3 Bd6 8.
Be2 Nge7 9. Nbd4 O-O 10. O-O Bg4 11. Re1 a6 12. c3 Rc8 13. Nxc6 Nxc6 14. Nd4
Bxe2 15. Nxe2 Re8 16. Be3 Re4 17. Qd2 Qe7 18. Bg5 Qe6 19. Nf4 Qe5 20. Rxe4 Qxg5
21. Qxd5 Bxf4 22. Qd7 Rf8 23. Qxb7 Ne5 24. Rd4 h6 25. Qe4 Ng6 26. c4 Be5 27.
Rd5 Qf6 28. c5 Bxb2 29. Rb1 Ba3 30. Qd3 Nf4 31. Qxa3 Nxd5 32. g3 Qc3 33. Rb3
Qe1+ 34. Kg2 Qe4+ 35. Kg1 Qc4 36. Rb1 Nc3 37. Rb6 Ne2+ 38. Kg2 Qd5+ 39. f3 Nd4
40. Rxa6 Re8 41. Qc3 Nxf3 42. Kf2 Ng5 0-1

[Event "Top20"]
[Site "?"]
[Date "2001.06.16"]
[Round "9"]
[White "Graillon, David"]
[Black "Garon, Pierre"]
[Result "0-1"]
[WhiteElo "1840"]
[BlackElo "1870"]
[PlyCount "138"]
[EventDate "1996.??.??"]

1. d4 d5 2. Nf3 Nf6 3. g3 e6 4. Bg2 Be7 5. O-O O-O 6. c4 c6 7. Qc2 Nbd7 8. Rd1
b6 9. Nbd2 Bb7 10. b3 c5 11. Bb2 Rc8 12. Rac1 Qc7 13. Qb1 Qb8 14. Ne5 dxc4 15.
Ndxc4 Bxg2 16. Kxg2 Rfd8 17. e4 Qb7 18. f3 cxd4 19. Bxd4 Nxe5 20. Bxe5 Ne8 21.
Rxd8 Rxd8 22. Rd1 Qc8 23. Rd3 f6 24. Bf4 b5 25. Nb2 Kf7 26. Qd1 a6 27. Rxd8
Qxd8 28. Qxd8 Bxd8 29. Nd3 Bb6 30. Kf1 e5 31. Bd2 Ke6 32. Ke2 Kd6 33. Be3 Bxe3
34. Kxe3 Nc7 35. Kd2 a5 36. Kc3 Ne6 37. a4 Kc6 38. b4 bxa4 39. bxa5 Kb5 40. a6
Kxa6 41. Kb4 Ng5 42. f4 exf4 43. Nc5+ Kb6 44. gxf4 Nf3 45. Ne6 g5 46. h3 Kc6
47. Kxa4 Kd6 48. f5 Nd2 49. Kb4 Nxe4 50. Kc4 Ke5 51. Kd3 Kxf5 52. Nd4+ Ke5 53.
Ke3 f5 54. Nc6+ Kf6 55. Kf3 h5 56. Ke3 Nd6 57. Kf3 Nc4 58. Nd4 h4 59. Ne2 Ke5
60. Nc3 Nb6 61. Nd1 Nd5 62. Nf2 Nf4 63. Ke3 Kd5 64. Kf3 Kd4 65. Nh1 Nxh3 66.
Kg2 g4 67. Kh2 f4 68. Kg2 Ke3 69. Kh2 f3 0-1

[Event "Top20"]
[Site "?"]
[Date "2001.05.25"]
[Round "9"]
[White "Bruel, Bruno"]
[Black "Bellon, Yves"]
[Result "0-1"]
[WhiteElo "1780"]
[BlackElo "1960"]
[PlyCount "122"]
[EventDate "1996.??.??"]

1. d4 Nf6 2. c4 e6 3. Nc3 c5 4. d5 exd5 5. cxd5 d6 6. e4 g6 7. f4 a6 8. a4 Bg7
9. Nf3 O-O 10. Bd3 Bg4 11. O-O Nbd7 12. h3 Bxf3 13. Rxf3 Qc7 14. Qf1 Rac8 15.
Be3 Qb6 16. Rb1 Qb4 17. Qe2 c4 18. Bc2 Qa5 19. Bd4 b5 20. axb5 axb5 21. b4 Qa6
22. Qd1 Qb7 23. Ra1 Ra8 24. Ne2 Rfe8 25. Ng3 Ra6 26. Rfa3 Rea8 27. Rxa6 Rxa6
28. Rxa6 Qxa6 29. Qa1 Qxa1+ 30. Bxa1 Bh6 31. f5 Bf4 32. Kf2 Bd2 33. fxg6 fxg6
34. Ke2 Bxb4 35. Ke3 Kf7 36. Ne2 Ba5 37. Nd4 Bb6 38. Kd2 b4 39. Nb5 Bc5 40. Bb1
Nh5 41. Ke2 Ng3+ 42. Kf3 Nh5 43. Ke2 Ke8 44. Bc2 Kd8 45. Nd4 Kc8 46. Ne6 Kb7
47. Ba4 Nhf6 48. e5 dxe5 49. Nxc5+ Nxc5 50. Bc6+ Kb6 51. Bxe5 Nfe4 52. Bd4 Nd6
53. Be5 Nf5 54. Be8 Nb7 55. Bf7 Kc5 56. Bf4 Nbd6 57. Bg8 h6 58. Bh2 Kd4 59.
Bg1+ Kc3 60. Kd1 b3 61. Bc5 b2 0-1

[Event "Top20"]
[Site "?"]
[Date "2001.06.10"]
[Round "9"]
[White "Valentin, Alain"]
[Black "Petit, Didier"]
[Result "0-1"]
[WhiteElo "1710"]
[BlackElo "1840"]
[PlyCount "48"]
[EventDate "1996.??.??"]

1. Nf3 Nf6 2. d4 e6 3. e3 d5 4. Bd3 c5 5. b3 cxd4 6. exd4 Nc6 7. O-O Bd6 8. a3
Bd7 9. Bb2 O-O 10. Nbd2 Ne7 11. c4 Rc8 12. c5 Bb8 13. b4 Ng6 14. Rc1 Ng4 15. h3
Nh6 16. Ne5 Nxe5 17. dxe5 f6 18. exf6 gxf6 19. Qh5 Nf5 20. g4 Be8 21. Bxf5 Bxh5
22. Bxe6+ Bf7 23. Bxc8 Qxc8 24. Bxf6 Be6 0-1